000 00340nam a2200085Ia 4500
245 0 _aLife talk for a daughter : advice on 70 issues from love and success to peer pressure, binge drinking and tough choices
100 _a Little-Gates, Izabella Wandsbeck, South Africa, 2012
942 _cBK
008 210817s9999 xx 000 0 und d
999 _c325441
_d325440